[Event "20. Dolomitenbank Open-A 2019"]
[Site "Lienz"]
[Date "2019.02.13"]
[Round "6.4"]
[White "Feige, Manuel"]
[Black "Maiorov, Nikita"]
[Result "0-1"]
[WhiteElo "2392"]
[BlackElo "2523"]
[Annotator "TA"]
[PlyCount "106"]
[EventDate "2019.02.09"]
[EventType "swiss"]
[EventCountry "AUT"]
[SourceTitle "playchess.com"]
[Source "ChessBase"]
[SourceQuality "1"]

{[%evp 23,106,30,37,25,29,34,26,20,22,12,52,39,31,37,51,29,26,23,23,26,26,0,0,-12,-6,-12,-11,-14,0,-14,0,-25,-23,-60,-60,-59,-61,-61,-37,-24,-31,-68,-68,-61,-69,-70,-67,-52,-47,-69,-62,-78,0,-275,-265,-290,-218,-219,-219,-214,-218,-200,-177,-188,-185,-477,-204,-199,-199,-183,-175,-166,-153,-224,-200,-234,-215,-1014,-987,-29985,-712,-29987,-29988,-29971,-29969]} 1. d4 Nf6 2. c4 e6 3. Nf3 b6 4. g3 Bb7 5. Bg2 Bb4+ 6. Bd2 c5 7. Bxb4 cxb4 8. O-O O-O 9. Nbd2 a5 10. Re1 d6 11. e4 Nfd7 12. a3 Na6 13. axb4 $146 {E16: Queen's Indian: 4 g3 Bb7 5 Bg2 Bb4+} ({Predecessor:} 13. Nh4 Re8 14. f4 e5 15. Nf5 Nf6 16. g4 g6 17. Ne3 exd4 18. Nef1 Nc5 19. Ng3 Nfd7 20. Rf1 Qh4 {0-1 (40) Gligoric,S (2515)-Georgiev,K (2545) Sarajevo 1986}) 13... Nxb4 14. Nb1 Rc8 15. Na3 {White has an edge.} Ba6 16. b3 e5 17. Nc2 Nxc2 18. Qxc2 Qf6 19. Qd1 Nb8 20. Ra2 Nc6 21. Rd2 Rcd8 22. Re3 Bc8 23. d5 Nb4 24. Ne1 Qe7 25. Nc2 Na6 26. b4 Qc7 ({But not} 26... Nxb4 $6 27. Nxb4 axb4 28. Rb3 $16) 27. Bf1 f5 28. bxa5 bxa5 29. exf5 Bxf5 30. Na3 Rf6 31. Nb5 Qb6 32. Qe1 Rdf8 33. Ra3 Nc5 34. Qe3 Be4 35. Bg2 Bg6 36. Raa2 a4 37. Rdb2 Qa5 ({Black should try} 37... Bd3 $17 38. Nc3 Qa5) 38. Nc3 $2 {[%mdl 8192] [#]} (38. Nxd6 $1 $11 {and White has nothing to worry.} Nd3 39. Nb7) 38... Nd3 $1 $19 39. Rc2 Nb4 40. Rxa4 Nxc2 41. Rxa5 Nxe3 42. fxe3 Rf2 43. Nb5 Rc2 44. h4 $2 (44. Ra1) 44... Rd8 (44... h5 $142 45. Ra1 (45. Nxd6 $2 Rc1+ 46. Kh2 Rf2 $19) 45... Rff2) 45. Ra6 Rxc4 {And now ...Bd3 would win.} 46. Nxd6 Rc1+ 47. Kh2 Rc2 48. Kg1 (48. Kh3 $17) 48... Bd3 49. Rb6 h5 {Strongly threatening ...Ra8.} 50. Nb7 $2 (50. Bh3) 50... Ra8 {[#] ( -> ...Ra1+)} 51. Rc6 Rb2 (51... Ra1+ $142 52. Kh2 Rca2 53. Rc8+ Kh7 54. Nc5 Bf1 55. Nb3 Rxg2+ 56. Kh1 Rd1 57. Rc1 Rxc1 58. Nxc1 Rc2 59. Kg1 Rxc1 60. d6 Kg6 61. Kf2 Bb5 62. Kf3 Kf5 63. e4+ Ke6 64. Kg2 Rc2+ 65. Kf3 Kxd6 66. Ke3 Rc3+ 67. Kf2 Bc6 68. Kg2 Bxe4+ 69. Kg1 Rc2 70. Kf1 Bd3+ 71. Kg1 Kd5 72. g4 Ke4 73. g5 Kf4 74. g6 Kg3 75. Kh1 Rc1#) 52. Nc5 Ra1+ 53. Kh2 Bf1 {Precision: White = 26%, Black = 71%.} 0-1

[Event "20. Dolomitenbank Open-A 2019"]
[Site "Lienz"]
[Date "2019.02.13"]
[Round "6.5"]
[White "Prusikin, Michael"]
[Black "Gaprindashvili, Valeriane"]
[Result "1-0"]
[WhiteElo "2517"]
[BlackElo "2387"]
[Annotator "TA"]
[PlyCount "77"]
[EventDate "2019.02.09"]
[EventType "swiss"]
[EventCountry "AUT"]
[SourceTitle "playchess.com"]
[Source "ChessBase"]
[SourceQuality "1"]

{[%evp 18,77,31,25,26,31,53,55,55,54,51,21,22,24,45,44,55,49,49,33,46,27,33,16,55,60,54,43,47,48,67,46,83,29,55,42,21,48,89,75,75,59,93,97,118,127,120,113,110,91,85,10,393,370,376,365,579,389,564,553,660,658]} 1. e4 d5 2. exd5 Nf6 3. d4 Nxd5 4. Nf3 g6 5. c4 Nb6 6. Nc3 Bg7 7. c5 Nd5 8. Bc4 c6 9. Qb3 O-O 10. O-O Nxc3 {B01: Scandinavian Defence} 11. bxc3 b6 (11... b5 12. cxb6 axb6 13. Re1 b5 14. Bd3 Nd7 15. Ba3 Bf6 16. Nd2 Re8 17. Ne4 Bg7 18. Ng5 e6 19. Ne4 Nf6 20. Bc5 Nxe4 21. Bxe4 {1-0 (50) Perunovic,M (2696)-Roganovic,M (2524) Belgrade 2014}) 12. Ng5 {[%cal Rg5f7]} e6 {White is slightly better.} 13. Ne4 Ba6 $146 ({Predecessor:} 13... bxc5 14. Nxc5 Nd7 15. Nxd7 Bxd7 16. Bf4 Qa5 17. Rac1 Rfd8 18. Rfe1 {½-½ (31) Goebel,C (2148)-Boidman,Y (2445) Frankfurt 2011}) 14. Bxa6 Nxa6 15. Qa4 Qd5 16. Re1 Nc7 17. Bf4 Nb5 18. Rad1 {And now c4 would win.} Qf5 19. Bd6 Rfd8 20. Qa6 bxc5 21. Bxc5 Qd5 22. a4 Nc7 23. Qe2 Qd7 24. Bd6 Ne8 25. Be5 (25. Bg3 $16) 25... Qd5 26. c4 Qa5 27. Bxg7 Nxg7 28. Nf6+ Kh8 29. Ng4 Nf5 30. d5 cxd5 31. Qe5+ Ng7 32. Nf6 Rac8 33. cxd5 exd5 {[#]} 34. h4 $40 {[%mdl 128] White is up to no good.} ({And not} 34. Rxd5 Rxd5 35. Nxd5 f6 $15) (34. Re3 $1 $16 {[%cal Re3h3] Rh3 is the strong threat.} Qxa4 35. Rf1) 34... Re8 $2 {[%mdl 8192]} (34... Qc7 $11) 35. Nxe8 $18 Rxe8 36. Qa1 {[%cal Re1e8]} Kg8 (36... Rd8 {might work better.} 37. Qf6 Rf8) 37. Rxe8+ Nxe8 38. Qe5 Qxa4 39. Re1 {Accuracy: White = 62%, Black = 41%.} 1-0

[Event "20. Dolomitenbank Open-A 2019"]
[Site "Lienz"]
[Date "2019.02.13"]
[Round "6.6"]
[White "Studer, Noel"]
[Black "Gschnitzer, Adrian"]
[Result "1-0"]
[WhiteElo "2494"]
[BlackElo "2382"]
[Annotator "TA"]
[PlyCount "129"]
[EventDate "2019.02.09"]
[EventType "swiss"]
[EventCountry "AUT"]
[SourceTitle "playchess.com"]
[Source "ChessBase"]
[SourceQuality "1"]

{[%evp 23,129,0,1,-42,-45,-38,8,-21,-8,-28,-16,-27,91,93,93,96,91,92,113,99,97,99,97,103,100,75,66,69,73,69,74,72,75,79,119,71,72,66,95,76,67,73,161,156,160,157,150,154,156,155,120,137,175,110,374,347,285,285,292,191,158,128,962,962,29953,29955,29953,29954,29959,29959,29956,29959,29956,29959,29962,29966,29965,29966,29970,29969,29970,29969,29969,29971,29971,29973,29973,29974,29974,29975,29975,29976,29976,29977,29976,29976,29977,29976,29969,29975,29990,29991,29991,29992,29994,29995,29995,29996]} 1. d4 Nf6 2. c4 e6 3. Nf3 b6 4. e3 Bb7 5. Bd3 d5 6. O-O Bd6 7. Nc3 O-O 8. b3 a6 9. Bb2 Nbd7 10. Qe2 Ne4 11. Rfd1 {E14: Queen's Indian: Classical Variation (4 e3)} Qe7 12. Rac1 f5 {LiveBook: 12 Games} 13. Nd2 $146 {The position is equal.} ({Predecessor:} 13. h3 Rf7 14. Bb1 Raf8 15. a4 Rf6 16. Ne5 Nxe5 17. dxe5 Bxe5 18. Nxe4 Bxb2 19. Nxf6+ Qxf6 {1-0 (69) Bacrot,E (2695)-Cornette,M (2586) chess.com INT 2017}) 13... Nxd2 14. Rxd2 f4 15. Qh5 g6 16. Qh3 fxe3 17. fxe3 e5 (17... Rae8 $11) 18. Nxd5 $16 Bxd5 19. cxd5 e4 20. Qe6+ Rf7 21. Bxe4 {aiming for Rf1.} Nf8 {[#]} 22. Qxe7 $1 Rxe7 23. Bf3 Rxe3 24. Re2 (24. Rdc2 {seems wilder.} Rae8 25. Rf1 h5 26. Bc1 R3e7 27. g3) 24... Rxe2 25. Bxe2 Re8 26. Rc2 a5 27. g3 Kg7 28. Bc1 h6 29. Kg2 Nh7 30. Bg4 Ng5 31. Bf4 Re4 32. h4 $36 {[%mdl 2048] Keeping Black busy.} Nh7 (32... Nf7 $16 {is a better defense.}) 33. Bxd6 cxd6 $18 {[%mdl 4096] Endgame KRB-KRN} 34. Rc7+ Kh8 35. Be6 Rxd4 36. Rd7 Nf8 37. Rxd6 Nxe6 38. Rxe6 Rxd5 $2 {[%mdl 8192]} (38... Kg7 $16 {was worth a try.}) 39. Rxg6 $16 {KR-KR} Kh7 40. Rxb6 Rd2+ 41. Kf3 Rxa2 {[#]} 42. Kg4 $1 {Strongly threatening Kh5.} a4 $2 {[%mdl 8192]} (42... Re2 $16 43. Rb7+ Kg6 44. h5+ Kf6) 43. Kh5 $18 axb3 44. Rxh6+ {White mates.} Kg7 45. Rb6 Ra5+ 46. Kg4 Ra4+ 47. Kh3 Ra3 48. h5 Ra5 49. Kh4 Ra4+ 50. g4 Rc4 51. Rxb3 Ra4 52. Rb7+ Kh6 53. Rb6+ Kg7 54. h6+ Kh7 55. Kh5 Ra5+ 56. g5 Rc5 57. Rb7+ Kg8 58. Rg7+ Kh8 59. Re7 Rb5 60. Kg6 {[%cal Re7e8]} Rb6+ 61. Kf5 Kg8 62. g6 {[%cal Re7e8]} Rb5+ 63. Re5 Rb8 64. Kg5 Kh8 65. h7 {Precision: White = 71%, Black = 41%.} 1-0

[Event "20. Dolomitenbank Open-A 2019"]
[Site "Lienz"]
[Date "2019.02.13"]
[Round "6.7"]
[White "Low, Zhen Yu Cyrus"]
[Black "Goh, Wei Ming Kevin"]
[Result "1-0"]
[WhiteElo "2377"]
[BlackElo "2477"]
[Annotator "TA"]
[PlyCount "91"]
[EventDate "2019.02.09"]
[EventType "swiss"]
[EventCountry "AUT"]
[SourceTitle "playchess.com"]
[Source "ChessBase"]
[SourceQuality "1"]

{[%evp 27,91,49,81,27,53,54,49,58,37,45,361,113,205,57,84,37,36,30,37,23,27,43,35,47,28,32,26,18,38,57,329,185,175,199,217,213,197,215,227,215,235,239,250,229,235,241,230,222,433,476,502,445,439,331,665,665,665,665,1016,4133,1939,2280,4133,3059,1352,885]} 1. e4 c5 2. Nf3 Nc6 3. d4 cxd4 4. Nxd4 Nf6 5. Nc3 d6 6. Bg5 e6 7. Qd2 a6 8. O-O-O Bd7 9. f3 Nxd4 10. Qxd4 Be7 {B67: Sicilian: Richter-Rauzer: 7...a6 8 0-0-0 Bd7, lines without 9 f4 Be7} 11. Be3 (11. Kb1 b5 12. Bxf6 gxf6 13. Ne2 Rc8 14. Qd2 Qb6 15. Nf4 h5 16. g3 Rc7 17. Bd3 Kd8 18. c3 {½-½ (41) Anand,V (2776)-Carlsen,M (2843) Karlsruhe/Baden-Baden 2018}) 11... Bc6 12. g4 O-O 13. g5 Nd7 14. h4 b5 {[%cal Bb7b5,Bb5b4][%mdl 32] LiveBook: 5 Games} 15. Qd2 ({White should try} 15. f4 $1 $16) 15... b4 16. Ne2 {[%cal Bc3e2,Be2d4,Bd4e6][%mdl 32]} d5 17. Nd4 Bb7 18. h5 $146 ({Predecessor:} 18. g6 hxg6 19. h5 g5 20. Rg1 dxe4 21. Nxe6 fxe6 22. Qxd7 {1-0 (45) Redon,B-Marie,D France 1989}) 18... dxe4 $2 {[%mdl 8192] [#]} (18... Bc5 $14) 19. g6 $2 (19. Nxe6 $1 $18 {[%mdl 512] is the precise move to win.} fxe6 20. Qxd7 Bxg5 21. Qxe6+ Kh8 22. Rxd8 Bxe3+ 23. Rd2) 19... Bd5 (19... exf3 20. Nxe6 $1 {[%mdl 512]} fxe6 21. Qxd7 $18) (19... hxg6 $2 20. hxg6 Bh4 21. gxf7+ Rxf7 22. Bc4 $18) (19... Bf6 $16) 20. fxe4 (20. h6 $18 hxg6 21. hxg7 Kxg7 22. fxe4 Bxe4 23. Bg2) 20... Bxe4 $14 21. gxf7+ Rxf7 22. Nxe6 Qc8 23. Bg2 Qc4 24. Bxe4 Qxe4 25. Ng5 Bxg5 $1 26. Bxg5 h6 27. Rhe1 Qc4 28. b3 Qc5 $2 {[%mdl 8192] [#]} (28... Qc3 $14 29. Qxc3 bxc3) 29. Bxh6 (29. Be7 $142 $1 {[%mdl 512]} Rxe7 30. Rxe7 Qxe7 31. Qd5+ (31. Qxd7 Qg5+ 32. Rd2 a5 $11) 31... Kh7 32. Qxa8) 29... Ne5 $18 30. Be3 Qb5 {Black wants to play ...Nf3.} 31. Qd5 Qxd5 32. Rxd5 Nf3 33. Red1 Kh7 34. Rd7 Rxd7 35. Rxd7 {[%mdl 4096] Endgame KRB-KRN} Re8 36. Bc5 a5 37. Rd5 Re5 $2 (37... Re1+ {might work better.} 38. Kb2 Re2) 38. Rxe5 Nxe5 {KB-KN} 39. Bd6 Nc6 40. Bf4 Nd4 $2 (40... Ne7 41. Kd2 Nd5) 41. Kd2 {White is clearly winning.} g6 42. Kd3 Nb5 43. hxg6+ Kxg6 44. Be3 Nc3 45. a4 Nd5 46. Kd4 {Precision: White = 56%, Black = 29%.} 1-0

[Event "20. Dolomitenbank Open-A 2019"]
[Site "Lienz"]
[Date "2019.02.13"]
[Round "6.8"]
[White "Schreiner, Peter"]
[Black "Hacker, Jonas"]
[Result "1/2-1/2"]
[WhiteElo "2476"]
[BlackElo "2369"]
[Annotator "TA"]
[PlyCount "81"]
[EventDate "2019.02.09"]
[EventType "swiss"]
[EventCountry "AUT"]
[SourceTitle "playchess.com"]
[Source "ChessBase"]
[SourceQuality "1"]

{[%evp 9,81,0,26,17,22,18,29,18,14,0,31,35,59,54,57,57,57,45,44,26,48,34,41,46,49,15,24,17,25,9,14,12,7,0,0,0,0,0,0,0,12,2,4,0,0,-18,-17,-13,-4,-15,0,-16,-8,-20,0,-12,0,-53,0,-4,-9,-18,-19,-23,-8,-12,0,-27,-24,-41,0,-2,0,-43]} 1. d4 d5 2. c4 e6 3. Nf3 Nf6 4. g3 Bb4+ 5. Bd2 Bd6 6. Bg2 {E01: Catalan: Early deviations} c6 7. O-O O-O 8. Qb3 {White has an edge.} Nbd7 9. Nc3 Qe7 10. e4 Nxe4 $146 ({Predecessor:} 10... dxc4 11. Qxc4 e5 12. h3 Rd8 {0-1 (66) Jumabayev,R (2606)-Eljanov,P (2717) Baku 2015}) 11. Nxe4 dxe4 12. Ng5 e5 13. Nxe4 exd4 14. Rfe1 {[#] Hoping for Bg5.} (14. Bg5 $5 {[%cal Rg5e7]} Nf6 15. Qd1 $11) 14... Qe6 15. Bg5 Qg6 16. Nxd6 Qxg5 17. Nxc8 ({Reject} 17. Nxb7 Rb8 $17) 17... Rfxc8 18. Qxb7 Nc5 19. Qe7 (19. f4 {keeps more tension.} Qd8 20. Qe7 Qb6 21. Rad1 d3 22. b4) 19... Qxe7 20. Rxe7 Kf8 $1 {[%cal Rf8e7]} 21. Re2 Rab8 22. Rd1 Ne6 23. b3 c5 24. Re5 Rb6 25. f4 g6 26. f5 Ng7 27. g4 gxf5 28. gxf5 Nh5 29. Bf3 Nf6 30. Kf2 a5 31. Kg3 Rc7 32. Kf4 Rb4 33. Kg5 ({White should try} 33. Rd2 $11) 33... Kg7 ({Black should play} 33... Nd7 $15 34. Rd5 a4) 34. Kf4 a4 35. Rd3 axb3 36. axb3 Kf8 37. h4 Rb6 38. Re1 Ra7 39. Re5 Rc7 (39... Nd7 $5 {[%cal Rd7e5]} 40. Rd5 Ke7 $15) 40. Re1 Ra7 41. Re5 {Accuracy: White = 48%, Black = 46%.} 1/2-1/2

[Event "20. Dolomitenbank Open-A 2019"]
[Site "Lienz"]
[Date "2019.02.14"]
[Round "7.1"]
[White "Ankit, R. Rajpara"]
[Black "Kunin, Vitaly"]
[Result "1/2-1/2"]
[WhiteElo "2451"]
[BlackElo "2531"]
[Annotator "TA"]
[PlyCount "21"]
[EventDate "2019.02.09"]
[EventType "swiss"]
[EventCountry "AUT"]
[SourceTitle "playchess.com"]
[Source "ChessBase"]
[SourceQuality "1"]

{[%evp 9,21,3,11,3,16,23,10,14,16,22,20,18,15,0]} 1. d4 Nf6 2. c4 e6 3. Nf3 b6 4. g3 Ba6 5. Nbd2 Bb4 6. Qa4 {E15: Queen's Indian: 4 g3 sidelines, 4 g3 Ba6 and 4 g3 Bb7 early deviations} Bxd2+ (6... c5 7. a3 Bxd2+ 8. Bxd2 O-O 9. dxc5 bxc5 10. Bg2 Qb6 11. O-O Nc6 12. Be3 Rfc8 13. Rfd1 d5 14. cxd5 exd5 15. Bxc5 {1-0 (41) Carlsen,M (2851)-Harikrishna,P (2763) Stavanger 2016}) 7. Bxd2 O-O 8. Bg2 {The position is equal.} Bb7 9. O-O d6 10. Rfe1 $146 ({Predecessor:} 10. b4 Nbd7 11. Qb3 Qe7 12. a4 c5 13. bxc5 dxc5 {½-½ (56) Schmakel,S (2306)-Santarius,E (2337) Wheeling 2014}) 10... Nbd7 11. Qc2 1/2-1/2

[Event "20. Dolomitenbank Open-A 2019"]
[Site "Lienz"]
[Date "2019.02.15"]
[Round "7.2"]
[White "Maiorov, Nikita"]
[Black "Mesaros, Florian"]
[Result "1-0"]
[WhiteElo "2523"]
[BlackElo "2449"]
[Annotator "TA"]
[PlyCount "239"]
[EventDate "2019.02.09"]
[EventType "swiss"]
[EventCountry "AUT"]
[SourceTitle "playchess.com"]
[Source "ChessBase"]
[SourceQuality "1"]

{[%evp 15,239,16,18,14,16,9,6,0,0,0,0,0,0,0,0,0,0,0,0,-14,0,-14,-1,0,10,17,11,14,15,10,60,59,59,58,53,44,49,37,47,39,49,49,49,49,50,37,42,0,52,56,56,48,54,33,39,7,83,11,53,56,75,14,74,-54,-27,-115,-120,-165,-165,-146,-127,-138,-7,-7,-7,-7,0,-8,-7,-8,-8,-8,0,0,0,-8,0,-8,-8,-8,-1,-8,-8,-8,0,0,0,0,0,-6,0,0,0,0,0,0,0,-8,-8,-22,0,0,0,0,0,0,0,0,0,0,0,0,379,379,3438,6997,3054,1755,592,592,29948,29952,29951,29952,29953,29952,29951,29953,29952,29954,29952,29950,29948,29950,29950,29951,29951,29952,29950,29951,29952,29953,29958,29957,29956,29957,29957,29956,29971,29970,29972,29973,29975,29976,29975,29976,29977,29978,29983,29984,29984,29980,29985,29986,29986,29985,29986,29987,29988,29987,29987,29984,29982,29939,29985,29985,29988,29982,29982,600,29986,29976,29977,29979,29979,29978,29977,29979,29985,29986,29986,29987,29986,29986,29986,29986,29986,29984,29982,0,29987,29985,29985,29986,29990,29991,29992,29993,29993,29994,29994,29995,29995,29991,29996,29997]} 1. d4 Nf6 2. c4 e6 3. Nc3 Bb4 4. Qc2 d5 5. cxd5 Qxd5 6. Nf3 Qf5 7. Qxf5 exf5 8. a3 Be7 9. Bf4 {E34: Nimzo-Indian: Classical: 4...d5} c6 10. e3 Nbd7 (10... Be6 11. Nd2 Nbd7 12. Nc4 Bxc4 13. Bxc4 Nh5 14. Be5 O-O 15. h3 Nxe5 16. dxe5 g6 {1-0 (46) Gupta,A (2634)-Melkumyan,H (2633) London 2016}) 11. Bd3 {The position is equal.} Nb6 12. O-O O-O 13. Rfc1 Be6 14. h3 a5 $146 ({Predecessor:} 14... Rfe8 15. Ng5 Bc8 16. Bh2 a5 {1-0 (68) Vegjeleki,A (2220)-Kratochvil,J (2088) ICCF email 2007}) 15. Bg3 Rfe8 16. Bh2 g6 17. Ne1 Bc4 18. Bc2 Nbd5 19. Nd3 Nxc3 20. bxc3 Ne4 21. Nb2 $1 {Threatens to win with Bxe4.} Be6 22. c4 Bh4 23. Bxe4 $1 fxe4 24. c5 f5 25. Na4 Re7 26. Rab1 Rf7 27. Rb2 Rd8 28. Be5 Rdd7 29. Nb6 Rde7 30. Na8 Rd7 31. Nb6 Rde7 32. Nc4 Bxc4 $1 33. Rxc4 Rd7 34. f3 Bd8 35. Rc1 Bg5 (35... exf3 $11 36. gxf3 Bf6) 36. Re2 (36. f4 $16 Bf6 37. Rf1) 36... Bf6 37. f4 $1 Kf8 38. g4 (38. Bxf6 $16 Rxf6 39. g4) 38... Ke7 (38... Bxe5 $1 $11 39. fxe5 Ke7) 39. Rc4 (39. Bxf6+ $1 $16 Kxf6 40. Rg2) 39... Bxe5 $15 40. fxe5 {[%mdl 4096] Endgame KRR-KRR} (40. dxe5 $11 {remains equal.} Rd5 41. gxf5 gxf5 42. Ra4) 40... f4 $1 $17 41. Kf2 Ke6 42. Ra4 fxe3+ 43. Kxe3 Rf3+ (43... Kd5 $17 {And now ...Rf3+ would win.} 44. Rf2 Rxf2 45. Kxf2 Rf7+ 46. Ke2 h5 47. Rxa5 hxg4 48. hxg4 Kxd4) 44. Kxe4 $11 Rdf7 {[%csl Gf3][%cal Rf7f4]} 45. Re3 R7f4+ 46. Kd3 Kd5 47. Ke2 Rf2+ 48. Kd3 R2f3 49. Ke2 Rf2+ 50. Kd3 Rb2 51. e6 {[%csl Gd4][%cal Re3e5]} ({Don't play} 51. Rxa5 Rff2 $17) 51... Rb3+ 52. Ke2 $132 {[%csl Gd4][%cal Re3e5][%mdl 2048] White puts up resistance} Rxe3+ 53. Kxe3 {KR-KR} Re4+ 54. Kd3 Rxe6 55. Rxa5 Rf6 56. Ke3 Re6+ 57. Kd3 {next Ra8 is good for White.} Rf6 58. Ke3 Rf1 59. Ra8 Rh1 60. Rd8+ Kc4 61. g5 Rxh3+ 62. Ke4 Rxa3 63. Rd7 Rd3 64. Ke5 Rf3 {White should prevent ...Rf5+.} 65. Rxb7 Rf5+ 66. Kd6 Rxg5 ({Wrong is} 66... Kxd4 $2 67. Rb4+ Ke3 68. Kxc6 $18) 67. Rxh7 {Strongly threatening Rh1.} Kxd4 68. Rh4+ Kd3 $2 {[%mdl 8192]} (68... Ke3 $1 $11 {and Black stays safe.}) 69. Kxc6 $18 Rg1 $2 (69... Ke3 70. Kb6 Re5) 70. Kd5 g5 71. Rd4+ Ke3 72. c6 {Hoping for c7.} Rh1 {Now ...Rh8 and Black clings on.} 73. c7 Rh8 {[#]} 74. Rg4 $1 {[%cal Rg4g5]} Rg8 75. Ke6 Rg6+ 76. Kd7 Rg7+ 77. Kc6 Rg8 78. Kb7 Kf3 {[#]} 79. Rxg5 $1 {[%mdl 576] Deflection, Promotion} Rxg5 80. c8=Q {KQ-KR} Re5 81. Qh3+ Ke4 82. Kc6 Kd4 83. Qg4+ Re4 84. Qd1+ Ke5 85. Qd6+ Kf5 86. Kd5 Rf4 87. Qe6+ Kg5 88. Ke5 Rg4 89. Qe7+ Kg6 90. Qd8 Rg5+ 91. Kf4 Rf5+ 92. Kg4 Rf7 93. Qg5+ Kh7 94. Kh5 Kh8 95. Qd8+ Kg7 96. Kg5 Kh7 97. Qd3+ Kg7 98. Qd5 Re7 99. Qd6 Rf7 100. Qe5+ Kh7 101. Qe8 Kg7 102. Qe6 (102. Qa8 $142 Rc7 103. Qd8 Rf7 104. Qe8 Rf1 105. Qe5+ Kf7 106. Qd5+ Ke7 107. Qe4+ Kf8 108. Qb4+ Kg7 109. Qd4+ Kf8 110. Kg6) 102... Kh8 103. Kg6 Rg7+ 104. Kf5 Rf7+ 105. Ke5 Kg7 106. Qd6 Kh7 107. Ke6 Rg7 108. Qd3+ Kg8 109. Qc2 Rg1 110. Qc8+ Kh7 111. Qd7+ Rg7 112. Qd3+ Kg8 $1 113. Qd5 {White mates.} Rg6+ 114. Kf5+ Kh7 115. Qf7+ Kh8 116. Qe8+ Rg8 {[#]} 117. Qh5+ $1 Kg7 118. Qg6+ Kf8 119. Qf6+ Ke8 120. Ke6 {Accuracy: White = 51%, Black = 57%.} 1-0

[Event "20. Dolomitenbank Open-A 2019"]
[Site "Lienz"]
[Date "2019.02.14"]
[Round "7.3"]
[White "Zhang, Ziji"]
[Black "Prusikin, Michael"]
[Result "1/2-1/2"]
[WhiteElo "2406"]
[BlackElo "2517"]
[Annotator "RC"]
[PlyCount "30"]
[EventDate "2019.02.09"]
[EventType "swiss"]
[EventCountry "AUT"]
[SourceTitle "playchess.com"]
[Source "ChessBase"]
[SourceQuality "1"]
[TimeControl "40/5400+30:1800+30"]

1. d4 {[%emt 0:00:00]} Nf6 {[%emt 0:00:00]} 2. c4 {[%emt 0:00:00]} e6 {[%emt 0:00:00]} 3. Nc3 {[%emt 0:00:00]} Bb4 {[%emt 0:00:00]} 4. Qc2 {[%emt 0:00:42]} d5 {[%emt 0:00:02]} 5. cxd5 {[%emt 0:00:15]} exd5 {[%emt 0:00:13]} 6. Bg5 {[%emt 0:00:13]} h6 {[%emt 0:00:31]} 7. Bh4 {[%emt 0:00:11]} c5 {[%emt 0:00:51]} 8. dxc5 {[%emt 0:00:10]} O-O {[%emt 0:00:16]} 9. e3 {[%emt 0:00:29]} Be6 {[%emt 0:01:09]} 10. Bd3 {[%emt 0:05:05]} d4 {[%emt 0:03:23]} 11. exd4 {[%emt 0:13:11]} Nc6 {[%emt 0:00:15]} 12. Nge2 {[%emt 0:00:16]} Nxd4 {[%emt 0:00:53]} 13. Nxd4 {[%emt 0:00:07]} Qxd4 {[%emt 0:00:09]} 14. Bxf6 {[%emt 0:00:17]} Qxf6 {[%emt 0:00:40]} 15. O-O {[%emt 0:00:16]} Bxc3 {[%emt 0:00:41]} 1/2-1/2

[Event "20. Dolomitenbank Open-A 2019"]
[Site "Lienz"]
[Date "2019.02.14"]
[Round "7.4"]
[White "Ertan, Can"]
[Black "Sanal, Vahap"]
[Result "0-1"]
[WhiteElo "2405"]
[BlackElo "2497"]
[Annotator "TA"]
[PlyCount "56"]
[EventDate "2019.02.09"]
[EventType "swiss"]
[EventCountry "AUT"]
[SourceTitle "playchess.com"]
[Source "ChessBase"]
[SourceQuality "1"]

{[%evp 15,56,9,12,6,14,14,3,0,0,-1,0,-8,-4,-2,0,-19,-19,-29,-13,-17,0,0,0,-14,0,0,0,-12,0,0,0,-3,-6,-17,0,0,0,0,0,-964,-953,-712,-527]} 1. e4 e5 2. Nf3 Nc6 3. Bb5 a6 4. Ba4 Nf6 5. O-O Be7 6. Re1 b5 7. Bb3 O-O 8. d4 d6 9. dxe5 {C88: Closed Ruy Lopez: Anti-Marshall Systems} (9. c3 Bg4 10. Be3 exd4 11. cxd4 d5 12. e5 Ne4 13. h3 Bh5 14. Nbd2 a5 15. a4 bxa4 16. Bxa4 Nb4 17. Nf1 c5 18. dxc5 Bxc5 19. Bxc5 Nxc5 20. Ng3 Bg6 {½-½ (52) Maghsoodloo,P (2649)-Ding,L (2804) Batumi 2018}) 9... dxe5 10. Qe2 Bc5 $146 ({Predecessor:} 10... Bg4 11. c3 Bd6 12. Bg5 Na5 13. Bc2 h6 14. Bh4 g5 15. Bg3 Qe7 16. Nbd2 {1-0 (52) Van Vlaenderen,K (2103)-Slosse,F (1868) Brasschaat 2004}) 11. Be3 {The position is equal.} Nxe4 12. Rd1 Qe8 $1 13. a4 Rb8 14. axb5 axb5 15. Rd5 Bxe3 16. Qxe3 Nf6 17. Rc5 Nd4 {Threatening ...Ng4.} 18. Rxe5 Nxf3+ 19. gxf3 Qc6 20. Nc3 b4 21. Rc5 Qd7 22. Rd1 Qh3 23. Nd5 $132 {[%mdl 2048] White has counterplay} Nxd5 24. Bxd5 Be6 25. Bxe6 fxe6 26. Rxc7 {Rdd7 is the strong threat.} Rf6 $1 {[%cal Rf6g6] ( -> ...Rg6+)} 27. Kh1 $2 {[%mdl 8192] [#]} ({Wrong is} 27. Qg5 $2 Rg6 $19) (27. Rc5 $11) 27... Rg6 $1 $19 {[%csl Gg6][%cal Rh3g2]} 28. Rg1 Ra8 {Accuracy: White = 64%, Black = 63%.} 0-1